000 01013cam a2200313 a 4500
001 16039044
003 0
005 20170317143117.0
008 100104s2011 nyu 001 0 eng
010 _a 2010000003
020 _a9780078110832 (combined edition : alk. paper)
020 _a0078110831 (combined edition : alk. paper)
020 _a9780077328917 (volume 1 : alk. paper)
020 _a0077328914 (volume 1 : alk. paper)
020 _a9780077328900 (volume 2 : alk. paper)
020 _a0077328906 (volume 2 : alk. paper)
040 _cSPU
050 0 0 _aHF5636
_b.S77 2011
100 1 _aSpiceland, J. David,
_d1949-
245 1 0 _aIntermediate accounting /
_cJ. David Spiceland, James F. Sepe, Mark W. Nelson.
250 _a6th ed., combined ed.
260 _aNew York :
_bMcGraw-Hill Irwin,
_cc2011.
300 _axxxix, 1263 p. ;
_c29 cm.
500 _aIncludes index.
650 0 _aAccounting.
700 1 _aSepe, James F.
700 1 _aNelson, Mark
_q(Mark W.)
942 _2lcc
_cBK
999 _c49483
_d49483